书目信息 |
| 题名: |
实变函数与泛函分析基础 (第二版) 全程导学及习题全解
|
|
| 作者: | 齐霄霏 , 闫晓红 , 石瑞青 主编 | |
| 分册: | ||
| 出版信息: | 北京 中国时代经济出版社 2007.09 |
|
| 页数: | 273页 | |
| 开本: | 21cm | |
| 丛书名: | 数学系列丛书 | |
| 单 册: | ||
| 中图分类: | O174.1 | |
| 科图分类: | ||
| 主题词: | 实变函数--shi bian han shu--高等学校--教学参考资料 , 泛函分析--fan han fen xi--高等学校--教学参考资料 | |
| 电子资源: | ||
| ISBN: | 978-7-80221-388-3 | |
| 000 | 01306nam 2200301 450 | |
| 001 | 012008784616 | |
| 005 | 20080115140520.43 | |
| 010 | @a978-7-80221-388-3@dCNY11.00 | |
| 100 | @a20080114d2007 em y0chiy0120 ea | |
| 101 | 0 | @achi |
| 102 | @aCN@b110000 | |
| 105 | @ay z 000yy | |
| 106 | @ar | |
| 200 | 1 | @a实变函数与泛函分析基础 (第二版) 全程导学及习题全解@Ashi bian han shu yu fan han fen xi ji chu(di er ban)quan cheng dao xue ji xi ti quan jie@f齐霄霏, 闫晓红, 石瑞青主编@Fqi xiao fei,yan xiao hong,shi rui qing zhu bian |
| 210 | @a北京@c中国时代经济出版社@d2007.09 | |
| 215 | @a273页@d21cm | |
| 225 | 2 | @a数学系列丛书@Ashu xue xi lie cong shu |
| 300 | @a21世纪高等院校经典教材同步辅导 | |
| 330 | @a该书内容包括了教材中所有习题的解答,并且对每一道习题都给出了详细的解题步骤。全书共分11章,具体内容包括集合、测度论、积分论、度量空间和赋范线性空间、有界线性算子和连续线性泛函、巴拿赫空间中的基本定理等。 | |
| 410 | 0 | @12001 @a数学系列丛书 |
| 606 | 0 | @a实变函数@Ashi bian han shu@x高等学校@j教学参考资料 |
| 606 | 0 | @a泛函分析@Afan han fen xi@x高等学校@j教学参考资料 |
| 690 | @aO174.1@v4 | |
| 701 | 0 | @a齐霄霏@Aqi xiao fei@4主编 |
| 701 | 0 | @a闫晓红@Ayan xiao hong@4主编 |
| 701 | 0 | @a石瑞青@Ashi rui qing@4主编 |
| 801 | 0 | @aCN@bQSSK@c20080115 |
| 905 | @b278845-47@dO174.1@eQ071@f3 | |
| 实变函数与泛函分析基础 (第二版) 全程导学及习题全解/齐霄霏, 闫晓红, 石瑞青主编.-北京:中国时代经济出版社,2007.09 |
| 273页;21cm.-(数学系列丛书) |
| 21世纪高等院校经典教材同步辅导 |
| ISBN 978-7-80221-388-3:CNY11.00 |
| 该书内容包括了教材中所有习题的解答,并且对每一道习题都给出了详细的解题步骤。全书共分11章,具体内容包括集合、测度论、积分论、度量空间和赋范线性空间、有界线性算子和连续线性泛函、巴拿赫空间中的基本定理等。 |
| ● |
| 相关链接 |
|
|
|
正题名:实变函数与泛函分析基础 (第二版) 全程导学
索取号:O174.1/Q071
 
预约/预借
| 序号 | 登录号 | 条形码 | 馆藏地/架位号 | 状态 | 备注 |
| 1 | 278845 | 202788457 | 自科库401/401自科库 44排5列1层/ [索取号:O174.1/Q071] | 在馆 | |
| 2 | 278846 | 202788466 | 自科库401/401自科库 44排5列1层/ [索取号:O174.1/Q071] | 在馆 | |
| 3 | 278847 | 202788475 | 自科库401/401自科库 44排5列1层/ [索取号:O174.1/Q071] | 在馆 |